000 01004nam a2200229 a 4500
001 000041097
005 20201002034621.0
008 130917s1987 sp 000 0 spa d
020 _a8400066367
040 _aDO-SdBNP
_bspa
_cBNPHU
100 1 _aPeset, José Luis
_967622
245 1 0 _aCiencia y Libertad :
_bel papel del científico ante la Independencia americana /
_cJosé Luis Peset.
260 _aMadrid :
_bConsejo Superior de Investigaciones Científicas, Centro de Estudios Históricos,
_c1987.
300 _a350 p. ;
_c18 cm.
490 1 _aCuadernos Galileo de Historia de la Ciencia
_v7
500 _aEdición Conmemorativa del Quinto Centenario del Descubrimiento de América
504 _aIncluye referencias bibliográficas y notas al pie de las páginas
504 _abibliografías
710 2 _aConsejo Superior de Investigaciones Científicas,(España)
_967570
710 2 _aCentro de Estudios Históricos,
_964022
830 0 _aCuadernos Galileo de Historia de la Ciencia
_n7
_967623
999 _c40587
_d40587